Breves relatos de ausencias /

Guardado en:
Bibliografiske detaljer
Hovedforfatter: Vargas Ugalde, Eduardo
Format: Bog
Sprog:Spanish
Udgivet: San José, Costa Rica E. Vargas U., 2008
Fag:
Tags: Tilføj Tag
Ingen Tags, Vær først til at tagge denne postø!

MARC

LEADER 00000nam a22000007a 4500
007 ta
008 140131s2008 cr |||fr|||| 000 1 spa d
020 |a 9789968470698 
040 |a cru CIICLA  
082 |a CR863.4  |b V297b 
100 1 |a Vargas Ugalde, Eduardo 
245 1 3 |a Breves relatos de ausencias /  |c Eduardo Vargas 
260 |a San José, Costa Rica  |b E. Vargas U.,  |c 2008 
300 |a 85 páginas 
650 7 |9 76  |a LITERATURA COSTARRICENSE  |v CUENTOS 
942 |2 ddc  |c BK 
999 |c 3645  |d 3645